Every EToH Tower Ever - Statistics

General Stats
  • This quiz has been taken 33 times
    27 since last reset
  • The average score is 259 of 722
Answer Stats
Difficulty Area Tower Name % Correct
Mid Easy Ring 1 Tower of Anger
78%
Baseline Easy Purgatorio Tower of Genesis
78%
Low Easy 100M Replay 100M Celebration
67%
Low-Mid Easy 100M Replay 100M Trial
67%
Bottom Easy Ring 2 Maybe A Tower
67%
Bottom Easy Ring 1 Not Even A Tower
67%
Mid Easy Paradise Atoll Possibly A Tower
67%
Low-Mid Medium Arcane Area Steeple of Astounding Sorcery
67%
Bottom Easy Garden of Eeshöl Steeple of Beginner's Journey
67%
Low-Mid Medium Arcane Area Steeple of Biome Traversing
67%
Mid Easy Garden of Eeshöl Steeple of Devil's Snare
67%
Low-Mid Medium Time-Lost Tempest Steeple of Espalier
67%
Peak Easy Harvest Carnival Steeple of Ghostly Mischief
67%
High-Peak Easy Steelspire Horizon Steeple of Golf Course
67%
Low Medium Garden of Eeshöl Steeple of Infectious Foliage
67%
Bottom-Low Easy Forgotten Ridge Steeple of Meaningless Decisions
67%
High Easy Paradise Atoll Steeple of Mystical Marine
67%
High Medium Garden of Eeshöl Steeple of Overgrowth
67%
Low-Mid Medium Time-Lost Plain Steeple of Questions
67%
Low-Mid Easy Steelspire Horizon Steeple of Zip Zap Pop!
67%
Mid-High Medium Ring 3 Tower of Ancient Trickery
67%
Mid Easy Summit of Memories Tower of Anger (Classic)
67%
Bottom-Low Easy Summit of Memories Tower of Annoyingly Simple Trials (Classic)
67%
Low Easy Ring 1 Tower of A Simple Time
67%
Mid-High Medium Zone 1 Tower of Atlantic Depths
67%
Mid Medium Summit of Memories Tower of Atlantic Depths (Classic)
67%
Baseline Medium Purgatorio Tower of Boost Mayhem
67%
Mid Insane Time-Lost Tempest Tower of Boreal Disarray
67%
Bottom Medium Zone 3 Tower of Broken Bricks
67%
Mid Easy Purgatorio Tower of Buttons
67%
High-Peak Catastrophic Time-Lost Tempest Tower of Challenging Obstacle Anarchy
67%
High-Peak Easy Time-Lost Plain Tower of Coolio Sliding
67%
Peak Easy Purgatorio Tower of Critical Damage
67%
High-Peak Remorseless Time-Lost Sands Tower of Demonic Inspiration
67%
Mid-High Easy Zone 4 Tower of Fairly Simple Challenges
67%
Mid Easy Time-Lost Plain Tower of Frame Carvings
67%
High Easy Ring 3 Tower of Funny Thoughts
67%
High Easy Summit of Memories Tower of Funny Thoughts (Classic)
67%
Bottom Medium Time-Lost Plain Tower of Grass
67%
Bottom Medium Ring 3 Tower of Inverted Colours
67%
Mid-High Easy Forgotten Ridge Tower of Jolly Good Fun
67%
Mid Medium Purgatorio Tower of Kinetic Potential
67%
High-Peak Remorseless Time-Lost Sands Tower of Lavish Embellishment
67%
High-Peak Easy Time-Lost Sands Tower of Little Frustration
67%
High-Peak Remorseless Time-Lost Tempest Tower of Luminescent Midnight
67%
Bottom-Low Medium Ring 1 Tower of Madness
67%
Bottom Medium Summit of Memories Tower of Madness (Classic)
67%
High-Peak Easy Pit of Misery Tower of Modernistic Design Choices
67%
Mid Easy Purgatorio Tower of Motion Evolution
67%
High Medium Purgatorio Tower of No Strings Attached
67%
Peak Intense Ring 4 Tower of Oblivion
67%
Bottom-Low Gingerbread Something Otherworldly... "Tower of Oblivion"
67%
Peak Easy Zone 3 Tower of Overestimating Difficulty
67%
Low Hard Zone 1 Tower of Peace
67%
Mid Easy Zone 1 Tower of Peaceful Happiness and Tranquility
67%
Mid Easy Summit of Memories Tower of Peaceful Happiness and Tranquility (Classic)
67%
Peak Easy Time-Lost Clockwork Tower of Placid Travels
67%
Bottom-Low Gingerbread Time-Lost Clockwork Tower of Potency and Greatness
67%
Mid Intense Time-Lost Tempest Tower of Pure Exasperation
67%
High-Peak Medium Time-Lost Plain Tower of Pushing Objects
67%
Mid Insane Time-Lost Sands Tower of Quaint Activations
67%
Bottom Easy Zone 3 Tower of Six Feet Under
67%
High-Peak Insane Time-Lost Clockwork Tower of Slipping Through Reality
67%
Low-Mid Medium Ring 8 Tower of Somewhat Simple Scaling
67%
Peak Easy Ring 4 Tower of Spiralling Heights
67%
Low Gingerbread Time-Lost Clockwork Tower of Stunning Inconsistent Obstacles
67%
High Easy Legacy Fortress Tower of Trouble
67%
Low Medium Purgatorio Tower of Various Pressures
67%
Low-Mid Medium Time-Lost Sands Tower of Very Simple Downfall
67%
Bottom-Low Easy Zone 1 Tower of Zero Disturbances
67%
Low-Mid Remorseless Arcane Area Arcane Area Tower Rush
56%
Peak Insane Ashen Towerworks Ashen Towerworks Tower Rush
56%
Mid-High Insane Fool's Ring 9 Baldi Tower
56%
Peak Remorseless Zone 1 Citadel of Peril
56%
Mid Hard Purgatorio Citadel of Victory
56%
Peak Remorseless Ring 2 Citadel of Wacky Strategy
56%
Peak Intense BIOUMS Cringe Tower & Hinge Tower
56%
Low-Mid Insane Forgotten Ridge Forgotten Ridge Tower Rush
56%
Eschaton BIOUMS Huvin ja Hauskanpidon Torni
56%
Peak Gingerbread Pit of Misery Pit of Misery Tower Rush
56%
High-Peak Remorseless Ring 1 Ring 1 Tower Rush
56%
Peak Insane Ring 2 Ring 2 Tower Rush
56%
Bottom-Low Insane Ring 4 Ring 4 Tower Rush
56%
Bottom Extreme Ring 5 Ring 5 Tower Rush
56%
Mid Insane Ring 6 Ring 6 Tower Rush
56%
High-Peak Insane Ring 7 Ring 7 Tower Rush
56%
Bottom Extreme Ring 8 Ring 8 Tower Rush
56%
Low Insane Ring 9 Ring 9 Tower Rush
56%
Bottom-Low Insane Steelspire Horizon Steelspire Horizon Tower Rush
56%
High-Peak Medium T H I R S T Z O N E Steeple of Amazing Gifts
56%
Mid Medium Eclipsed Headquarters Steeple of Headstone Evocation
56%
High-Peak Medium Garden of Eeshöl Steeple of Nightfall
56%
Peak Medium Borealis Reach Steeple of Sleep Eternally
56%
Bottom Insane Summit of Memories Thanos Tower (Classic)
56%
High Extreme The Starlit Archives The Starlit Archives Tower Rush
56%
Mid Extreme Time-Lost Clockwork Time-Lost Clockwork Tower Rush
56%
Peak Insane Time-Lost Plain Time-Lost Plain Tower Rush
56%
Low Terrifying Time-Lost Sands Time-Lost Sands Tower Rush
56%
Low-Mid Terrifying Time-Lost Tempest Time-Lost Tempest Tower Rush
56%
Low Extreme The Doghouse Tower 1
56%
Bottom Hard Purgatorio Tower Not Found
56%
Low Terrifying Zone 5 Tower of Alien Radiance
56%
High Difficult Time-Lost Tempest Tower of An Intricate Rise
56%
Baseline Extreme Zone 8 Tower of Astral Eclipse
56%
Low Extreme Zone 4 Tower of Astronomically Aimless Annoyances
56%
Baseline Catastrophic Ring 9 Tower of Augmented Misery
56%
Bottom-Low Insane Ring 9 Tower of Bent Trauma
56%
Mid-High Extreme Zone 10 Tower of Blast Power
56%
Baseline Unreal Pit of Misery Tower of Blind Fate
56%
Bottom Extreme Ring 9 Tower of Bloodthirsty Kenos
56%
High Catastrophic Ring 9 Tower of Champion's Road
56%
High Medium Zone 3 Tower of Client Object Frenzy
56%
Bottom-Low Remorseless Terrain World Tower of Coca Cola Espuma
56%
Bottom-Low Terrifying Zone 10 Tower of Complexity and Volatility
56%
Peak Insane Ring 3 Tower of Confusion
56%
Bottom Insane Legacy Fortress Tower of Confusion (Legacy)
56%
Peak Remorseless Ring 4 Tower of Corrupted Nightmares
56%
Peak Catastrophic Ring 9 Tower of Cruel Punishment
56%
Mid Insane Ring 9 Tower of Curved Ascent
56%
Low-Mid Terrifying Fool's Ring 9 Tower of Da Baby
56%
High-Peak Medium Ring 3 Tower of Deep Sighing
56%
Mid Medium Summit of Memories Tower of Deep Sighing (Classic)
56%
Low-Mid Catastrophic Zone 8 Tower of Descent Into Exile
56%
Bottom Insane Ring 2 Tower of Difficulty Chart
56%
Bottom-Low Insane Summit of Memories Tower of Difficulty Chart (Classic)
56%
Baseline Insane Zone 2 Tower of Double Trouble
56%
High-Peak Catastrophic Ring 7 Tower of Elongated Runs
56%
Low-Mid Catastrophic Zone 9 Tower of Empty Meaningless Patterns
56%
Mid-High Horrific Pit of Misery Tower of Eternal Void
56%
Peak Extreme Ring 8 Tower of Externalizing Insanity
56%
Bottom-Low Insane Ring 7 Tower of Extreme Hell
56%
Baseline Terrifying Zone 7 Tower of Fractured Memories
56%
Bottom Extreme Ring 9 Tower of Frightening and Confusing Trials
56%
Bottom-Low Terrifying Ring 5 Tower of Frightening Nightmares
56%
Mid-High Medium Ashen Towerworks Tower of Fruity Zeal
56%
Bottom-Low Catastrophic Ring 8 Tower of Generation Failure
56%
Mid Hard The Doghouse Tower of Getting Kinda Disappointed
56%
Low Extreme BIOUMS Tower of g Möller
56%
Low Hard Ring 1 Tower of Hecc
56%
Peak Remorseless Fool's Ring 9 Tower of Hella Gimmicks
56%
Bottom-Low Insane Ring 9 Tower of High Adrenaline
56%
Bottom-Low Hard Terrain World Tower of High Quality Fishing Boat
56%
High-Peak Insane Zone 9 Tower of Hollow Reformations
56%
Low-Mid Extreme Zone 3 Tower of Hopeless Hell
56%
Mid Insane Ring 5 Tower of Icy Blizzards
56%
Bottom Terrifying Ring 6 Tower of Impossible Movement
56%
High-Peak Terrifying Ring 4 Tower of Inception
56%
Mid Insane Zone 4 Tower of Inevitable Failure
56%
Low Insane Ring 1 Tower of Infinity Gauntlet
56%
High-Peak Medium Time-Lost Clockwork Tower of Intergalactic Voyages
56%
Mid Terrifying Ring 9 Tower of Journey's End
56%
Baseline Hard Purgatorio Tower of Keys To Success
56%
Mid Hard Ring 1 Tower of Killjoys
56%
Low Terrifying Zone 6 Tower of Micro Management
56%
Low-Mid Insane Forgotten Ridge Tower of Mind Breaking
56%
Low Terrifying BIOUMS Tower of muumitalo
56%
Mid-High Terrifying Ring 9 Tower of Nervous Sweating
56%
High-Peak Medium Ring 1 Tower of Noticeable Infuriation
56%
Mid Medium Time-Lost Sands Tower of Odd Algorithm
56%
High-Peak Terrifying Pit of Misery Tower of Overthinking Life Choices
56%
Bottom-Low Extreme Zone 9 Tower of Panelling Barricades
56%
High-Peak Remorseless Ring 9 Tower of Pastel Pillars
56%
Peak Medium Time-Lost Plain Tower of Peaceful Vibes
56%
High Catastrophic BIOUMS Tower of Perlin Dreams of Greatness
56%
High Insane Zone 5 Tower of Polychromatic Zero
56%
High-Peak Remorseless Zone 10 Tower of Power Laws
56%
Mid-High Catastrophic BIOUMS Tower of pro pillars
56%
Bottom Intense The Doghouse Tower of Quick, Brown Fox!
56%
Mid-High Catastrophic Zone 10 Tower of Raging Tempest
56%
High-Peak Insane Zone 10 Tower of Rain on My World
56%
Peak Insane Zone 8 Tower of Rough Endoplasmic Reticulum
56%
Mid-High Catastrophic Pit of Misery Tower of Shunning Excursion
56%
Low Remorseless Time-Lost Clockwork Tower of Slowly Escalating Tension
56%
Low Horrific BIOUMS Tower of small pillars
56%
Bottom-Low Insane Steelspire Horizon Tower of Speeding Right Through
56%
Mid-High Remorseless Legacy Fortress Tower of Spicy Torment
56%
Low Unreal Pit of Misery Tower of Spiralling Fates
56%
Low-Mid Horrific BIOUMS Tower of Splice Construct
56%
Mid Extreme Ring 6 Tower of Strategic Mechanics
56%
Mid Extreme Ring 8 Tower of Suffering Outside
56%
Mid Medium Steelspire Horizon Tower of Sunshower Lambent
56%
Peak Insane Zone 10 Tower of Tee Hee Time
56%
Bottom-Low Insane Terrain World Tower of Terrain Climbing Adventures
56%
Low-Mid Extreme Ring 7 Tower of Terrifying Beauty
56%
Mid Extreme Zone 6 Tower of The Dripping Amalgam
56%
High-Peak Remorseless Time-Lost Sands Tower of The Mind Electric
56%
Low-Mid Horrific Pit of Misery Tower of The Roof's Pique
56%
Mid Insane Zone 1 Tower of Thinning Layers
56%
Peak Remorseless Zone 4 Tower of Tornado Vehemence
56%
High Terrifying Zone 7 Tower of Uncanny Agony
56%
Peak Insane Legacy Fortress Tower of Unending Bamboozles
56%
Bottom-Low Insane Lost River Tower of Unsettling Heights
56%
Baseline Horrific Pit of Misery Tower of Vacant Hindrances
56%
High Medium Zone 2 Tower of Venomous Resonance
56%
Bottom Catastrophic Pit of Misery Tower of Vindictive Maneuvers
56%
High Insane Ring 4 Tower of Vivid Sections
56%
Peak Remorseless Zone 10 Tower of Voyaging Into The Earth
56%
Low Horrific Pit of Misery Tower of Water Melon
56%
Low-Mid Extreme Ashen Towerworks Tower of Wicked Fortress
56%
Mid-High Terrifying Zone 9 Tower of Wildly Wacky Wonders
56%
Low Terrifying Pit of Misery Tower of Xerically Infuriating Calamity
56%
Mid Medium BIOUMS Tower of Yelling: Slightly Upset
56%
Mid Medium Fool's Ring 9 Tower of Yo Mama
56%
Peak Remorseless Zone 5 Tower of Zany Architecture
56%
Peak Remorseless Zone 1 Tower of Zespluz
56%
nil BIOUMS tuscan tower
56%
Sisyphean The Doghouse Wait of The World
56%
Mid Terrifying Zone 10 Zone 10 Tower Rush
56%
Bottom-Low Terrifying Zone 1 Zone 1 Tower Rush
56%
High-Peak Insane Zone 2 Zone 2 Tower Rush
56%
Bottom Extreme Zone 4 Zone 4 Tower Rush
56%
Bottom-Low Insane Zone 5 Zone 5 Tower Rush
56%
Low Insane Zone 6 Zone 6 Tower Rush
56%
Bottom Insane Zone 7 Zone 7 Tower Rush
56%
Peak Insane Zone 8 Zone 8 Tower Rush
56%
Peak Extreme Zone 9 Zone 9 Tower Rush
56%
Peak Extreme 100M Replay 100M Revenge
44%
Bottom-Low Intense Ring 3 Citadel of Heights and Depths
44%
Bottom-Low Unreal Pit of Misery Citadel of Infinite Void
44%
Mid Intense Ring 1 Citadel of Laptop Splitting
44%
Peak Remorseless Zone 10 Citadel of Overcoming The World's Imperfections
44%
High-Peak Remorseless Zone 4 Citadel of Quadrilaterals
44%
Low-Mid Extreme BIOUMS Citadel of Walkies
44%
High-Peak Challenging Time-Lost Tempest Do Dat Look Like A Tower
44%
Mid-High Intense Garden of Eeshöl Garden of Eeshöl Tower Rush
44%
Peak Remorseless Legacy Fortress Legacy Fortress Tower Rush
44%
High-Peak Medium Something Otherworldly... Lemonade Luh Luh Lemonade
44%
High-Peak Remorseless Lost River Lost River Tower Rush
44%
Peak Terrifying BIOUMS Maybe I Know U
44%
Bottom Insane The Doghouse Mini Citadel of Mini Citadel
44%
Bottom-Low Extreme BIOUMS Mini Obelisk of Mini Obelisk
44%
Peak Medium Fool's Ring 9 Mini-Steeple of Gamer Moments
44%
Bottom Remorseless Paradise Atoll Paradise Atoll Tower Rush
44%
Peak Intense Ring 3 Ring 3 Tower Rush
44%
Bottom-Low Insane Silent Abyss Silent Abyss Tower Rush
44%
Low-Mid Hard Arcane Area Steeple of Atmospheric Powers
44%
High Insane Something Otherworldly... Steeple of Gears Locked Up Because It's Cold
44%
High-Peak Medium Forgotten Ridge Steeple of Low Woe
44%
Bottom-Low Hard Garden of Eeshöl Steeple of Overgrown Ascension
44%
High-Peak Medium Forgotten Ridge Steeple of Pursuit
44%
Peak Medium Forsaken Manor Steeple of Realm Crossing
44%
Bottom-Low Hard Arcane Area Steeple of Realm Odyssey
44%
High Medium Beggmuda Triangle Steeple of Spring Jubilation
44%
High-Peak Insane BIOUMS Steeple of Tombs & Torture
44%
High Medium Paradise Atoll Steeple of Undersea Voyage
44%
Low Hard Paradise Atoll Steeple of Waterfall
44%
Bottom Insane Summit of Memories Summit of Memories Tower Rush
44%
Bottom-Low Intense Time-Lost Clockwork This Is A Tower
44%
Mid Remorseless BIOUMS Totally A Neat
44%
Peak Intense Ring 3 Totally A Tower
44%
Peak Medium Zone 4 Tower of Aquatic Contemplation
44%
Low-Mid Hard Ring 2 Tower of Big Hole
44%
Bottom-Low Remorseless Time-Lost Tempest Tower of Celestial Luminescence
44%
Mid-High Hard Purgatorio Tower of Dancing All Night
44%
Low Intense Time-Lost Tempest Tower of Diving Into Madness
44%
High Remorseless Something Otherworldly... Tower of Drinking Purist Water
44%
Mid Remorseless Ring 2 Tower of Eternal Suffering
44%
Peak Medium Lost River Tower of Excessive Weirdness
44%
Mid Hard Ring 3 Tower of Fatness
44%
Bottom Hard Steelspire Horizon Tower of Fly High
44%
Mid-High Hard Zone 6 Tower of Foreign Domains
44%
Bottom Hard Ring 6 Tower of Friendly Jumps
44%
Low Hard Zone 4 Tower of Fun and Simple Trials
44%
High-Peak Medium Ring 4 Tower of Getting Gnomed
44%
Mid-High Hard Zone 2 Tower of Ground Level Ascension
44%
Mid Hard Zone 1 Tower of Hands Sweating
44%
Low Hard Summit of Memories Tower of Hands Sweating (Classic)
44%
Mid-High Remorseless Time-Lost Clockwork Tower of Is Steeple Crossing Required?
44%
High Medium Zone 7 Tower of Jazz
44%
High-Peak Easy Time-Lost Sands Tower of Light Hues
44%
Bottom Remorseless Legacy Fortress Tower of Mass Destruction
44%
High Remorseless Ring 8 Tower of Mean Tasks
44%
High Hard Zone 8 Tower of Melons In Time
44%
Low Challenging Time-Lost Clockwork Tower of Menacing Stairway
44%
Mid Intense Ring 7 Tower of Never Giving Up, Ever
44%
High-Peak Medium Ring 5 Tower of Nice Views
44%
High Medium Time-Lost Plain Tower of Optimistic Experiences
44%
Mid-High Remorseless Time-Lost Tempest Tower of Orange World
44%
Low Intense Ring 7 Tower of Orientating Oscillating Opinions
44%
Peak Hard Ring 2 Tower of Overcoming Hatred
44%
Baseline Intense Garden of Eeshöl Tower of Perilous Antipode
44%
High Medium Ring 2 Tower of Phone Snapping
44%
High-Peak Medium Legacy Fortress Tower of Phone Snapping (Legacy)
44%
Mid Remorseless Zone 10 Tower of Prismatic Instability
44%
High Medium Steelspire Horizon Tower of Quantum Rhythm
44%
Low Hard Zone 7 Tower of Rough Waters
44%
Peak Medium Zone 2 Tower of Slanted Anticipation
44%
Low Remorseless The Doghouse Tower of Sparkling Rainbow Water
44%
Mid-High Intense Time-Lost Sands Tower of Stalactite Boundaries
44%
High-Peak Medium Steelspire Horizon Tower of Steel and Thunder
44%
High-Peak Difficult Ring 1 Tower of Stress
44%
High Hard Zone 7 Tower of Sweet Victory
44%
Mid Remorseless Time-Lost Tempest Tower of The Foreboding Abyss
44%
Bottom Remorseless Lost River Tower of Triple Jeopardy
44%
Peak Hard Ring 5 Tower of Trivial Resentment
44%
Bottom Remorseless Ring 1 Tower of True Skill
44%
High-Peak Hard Lost River Tower of Two Sided Troubles
44%
Mid-High Intense Zone 1 Tower of Ultimately Terrifying
44%
Mid-High Hard Zone 4 Tower of Up Is Down
44%
Mid Hard Ring 3 Tower of Winning Every Run
44%
High Remorseless Ring 7 Tower of Yearning Victory
44%
Peak Terrifying Pit of Misery Was A Tower
44%
Peak Intense Saint Venoma Wasn't Really A Tower, Honestly
44%
High-Peak Medium The Doghouse Water Slide of Crazy Difficult
44%
High Remorseless Time-Lost Sands Wow! It's A Tower!
44%
Mid Intense 100M Replay 100M Finale
33%
Peak Intense Something Otherworldly... Citadel of "A Bug's Life!"
33%
High Remorseless Zone 7 Citadel of A Cruel Tale
33%
Low-Mid Intense Zone 2 Citadel of Green Stuff
33%
Low-Mid Intense Summit of Memories Citadel of Green Stuff (Classic)
33%
Low-Mid Remorseless Forsaken Manor Citadel of Horrifying Phobias
33%
High-Peak Remorseless Zone 9 Citadel of Increasing Claustrophobia
33%
Mid-High Difficult Lost River Citadel of Inside Situations
33%
Peak Intense Time-Lost Tempest Citadel of Malice
33%
Peak Difficult Time-Lost Plain Citadel of Monochrome and Vibrance
33%
Bottom Remorseless Time-Lost Sands Citadel of Squiggly Wiggly
33%
Peak Intense Forgotten Ridge Citadel of Weird Nostalgia
33%
High Intense Summit of Memories Citadel of Weird Nostalgia (Classic)
33%
Low Challenging The Doghouse Dazzling Extraordinary Albutower
33%
High Hard The Doghouse EESHOL (Region)
33%
Low-Mid Difficult Terrain World ESCAPE FROM FEDDY FAZBEAR
33%
High-Peak Difficult Ring 7 Far From A Surprising Tower
33%
High Intense Ring 6 Fortunately Not A Tower
33%
Mid-High Challenging Terrain World Goobie's
33%
High-Peak Challenging Time-Lost Plain Is This A Tower?
33%
Bottom Difficult Ring 5 Likely A Tower
33%
Peak Hard Something Otherworldly... Rainbow Tower
33%
Bottom-Low Intense Borealis Reach Shrimply Another Normal Tower, Amazingly
33%
Mid Challenging Zone 1 Somewhat A Tower
33%
Mid-High Difficult Steelspire Horizon Steeple of Bad Cable Management
33%
Bottom-Low Challenging Time-Lost Tempest Steeple of Bad Lands Chugs
33%
Mid-High Remorseless Borealis Reach Steeple of Below Zero
33%
Peak Hard Heccfire Depths Steeple of Button Venturing
33%
High-Peak Hard Borealis Reach Steeple of Castle Within Glass
33%
Low Intense Paradise Atoll Steeple of Dusty Dunes
33%
Bottom-Low Intense Summit of Memories Steeple of Dusty Dunes (Classic)
33%
Peak Difficult Beggmuda Triangle Steeple of Egg Searches
33%
Peak Medium Snowy Cabin Steeple of Evergreen Ascension
33%
High Hard Garden of Eeshöl Steeple of Greenhouse Placidity
33%
Low-Mid Intense Forgotten Ridge Steeple of Huge Pain
33%
Bottom-Low Intense Arcane Area Steeple of Magical Collaborations
33%
High-Peak Difficult Arcane Area Steeple of Magical Elements
33%
Mid Remorseless Silent Abyss Steeple of Malignant Blight
33%
Low-Mid Hard Time-Lost Sands Steeple of Oversized Picking
33%
High Difficult Silent Abyss Steeple of Resort In Stasis
33%
Bottom Difficult Heccfire Depths Steeple of Retina Pain
33%
Low-Mid Hard Heccfire Depths Steeple of Rising Molten Rocks
33%
High Hard Old Frosted Kingdom Steeple of Scrumptious Travels
33%
High-Peak Difficult Glacial Outpost Steeple of Seeking Asylum
33%
Mid-High Remorseless Forgotten Ridge Steeple of Towering Pillars
33%
Bottom Remorseless Eclipsed Headquarters Steeple of Treacherous Toxins
33%
Mid Intense Paradise Atoll Steeple of Underlying Breezes
33%
High Hard Forgotten Ridge Steeple of Uninstalling Roblox
33%
Bottom Difficult Garden of Eeshöl Steeple of Various Vivariums
33%
Low Hard Time-Lost Tempest Steeple of Vivid Island Venturing
33%
Low-Mid Medium Snowmetropolis Steeple of Wrathful Ornaments
33%
Mid-High Hard Forgotten Ridge This Is Probably A Tower
33%
Bottom-Low Challenging Zone 1 Tower of Absolute Vexation
33%
Bottom Remorseless Time-Lost Plain Tower of Annoying Paths
33%
Low-Mid Challenging Time-Lost Clockwork Tower of Ascension and Descension
33%
High Challenging Time-Lost Plain Tower of A Splitting Headache
33%
Bottom Remorseless Zone 6 Tower of Astral Fusion
33%
High-Peak Difficult Time-Lost Sands Tower of Basement Antics
33%
Bottom Remorseless Ring 9 Tower of Beat Block Berserk
33%
High Remorseless Zone 9 Tower of Big Blocky Beefy Buttons
33%
Mid-High Remorseless Zone 6 Tower of Brief Challenges
33%
Mid-High Remorseless Zone 5 Tower of Brutal and Bizarre Torment
33%
High Hard Steelspire Horizon Tower of Calm Before The Storm
33%
High-Peak Medium Time-Lost Sands Tower of Camels of The Sky
33%
Peak Intense Time-Lost Tempest Tower of Concealed Visions
33%
Bottom Difficult Time-Lost Sands Tower of Convoluted Expanses
33%
Mid-High Hard Zone 3 Tower of Cracked, Crushed Cubes
33%
Bottom-Low Difficult Terrain World Tower of Crazy Rollercoaster Riding
33%
Mid Intense Zone 3 Tower of Cruel and Unusual Punishment
33%
High Intense Forgotten Ridge Tower of Dangerous Expeditions
33%
High Intense Ring 6 Tower of Dispersed Rooms
33%
High-Peak Difficult Time-Lost Clockwork Tower of Fair and Nice Serenity
33%
Low-Mid Challenging Time-Lost Sands Tower of Fallen World
33%
High-Peak Intense Time-Lost Clockwork Tower of Fast Acceleration
33%
High Intense Ring 6 Tower of Flustering Sections
33%
Bottom Remorseless Ashen Towerworks Tower of Forever-Sleeping Flower
33%
Low Remorseless Zone 4 Tower of Funky Grooves
33%
High-Peak Intense Zone 9 Tower of Furious Chicken Brawl
33%
High-Peak Difficult The Doghouse Tower Of Generation Retro
33%
Low Remorseless Steelspire Horizon Tower of Geometric Kinetics
33%
Peak Difficult Legacy Fortress Tower of Gloom
33%
Bottom Remorseless Time-Lost Sands Tower of Gloomy Depths
33%
Mid Intense Ring 4 Tower of Holy Flip
33%
Bottom Remorseless Arcane Area Tower of Icy Adventures
33%
Low Difficult Forgotten Ridge Tower of Immense Ire
33%
Bottom Intense Ring 1 Tower of Impossible Expectations
33%
Low-Mid Intense Forgotten Ridge Tower of Increasing Stress
33%
Low-Mid Intense The Starlit Archives Tower of Infiltrated Ruins
33%
Mid Remorseless Time-Lost Tempest Tower of Insanely Chaotic Creations
33%
Low-Mid Hard Time-Lost Tempest Tower of Jubilant Exercises
33%
Bottom Difficult Ring 1 Tower of Keyboard Yeeting
33%
High-Peak Difficult Lost River Tower of Losing Our Zeal
33%
Mid-High Difficult Ring 3 Tower of Lotsa Damage
33%
Peak Intense Zone 10 Tower of Mach Nine
33%
High-Peak Remorseless Ashen Towerworks Tower of Mechanical Disarray
33%
High Remorseless Zone 9 Tower of Minus Facility
33%
Peak Hard Zone 1 Tower of Mirrored Hecc
33%
Peak Hard Summit of Memories Tower of Mirrored Hecc (Classic)
33%
Bottom-Low Difficult Time-Lost Clockwork Tower of Nebulous Attitudes
33%
Bottom-Low Remorseless Ring 7 Tower of Never Ending Dizziness
33%
High Remorseless Zone 8 Tower of No Return
33%
High Intense Zone 9 Tower of Nothing New
33%
Low Intense Zone 8 Tower of One Nine
33%
Low Intense Time-Lost Clockwork Tower of Onerous Traversing
33%
High-Peak Hard Time-Lost Plain Tower of Outer Space Exploration
33%
High-Peak Hard Summit of Memories Tower of Overcoming Hatred (Classic)
33%
Peak Difficult The Starlit Archives Tower of Pursuit Led Astray
33%
Mid-High Challenging Ring 1 Tower of Rage
33%
Peak Challenging BIOUMS Tower of Really Very Artificial Inspiration
33%
High Challenging Fool's Ring 9 Tower of Round Platforms
33%
Bottom-Low Challenging Ring 1 Tower of Screen Punching
33%
Mid-High Intense Silent Abyss Tower of Shallow Waters
33%
Bottom Difficult Ring 3 Tower of Slight Inconvenience
33%
Low-Mid Hard Zone 5 Tower of Sovereign Traveling
33%
Mid-High Hard Time-Lost Plain Tower of Spaceship Finding
33%
Low-Mid Intense Time-Lost Plain Tower of Stained, Brutal Calamity
33%
High Medium Time-Lost Sands Tower of Standard Newcomings
33%
High-Peak Difficult Summit of Memories Tower of Stress (Classic)
33%
Low-Mid Intense Ring 2 Tower of Table Flipping
33%
Baseline Remorseless Lost River Tower of Tallying Every Mistake
33%
Low Intense Legacy Fortress Tower of Tearing Up
33%
High-Peak Hard Steelspire Horizon Tower of Ten Floors Challenge
33%
Mid-High Hard Ring 4 Tower of Terrible Mondays
33%
Peak Intense The Doghouse Tower of The Conscious Fallacy
33%
Low Remorseless Zone 10 Tower of The Despondent Fortress
33%
Bottom-Low Intense Paradise Atoll Tower of Traversing The Tropics
33%
Bottom Difficult Zone 2 Tower of Troublesome Adventures
33%
Peak Intense Time-Lost Plain Tower of Truly Extensive Pillars
33%
Mid Remorseless Ring 7 Tower of Ultraviolet
33%
High Remorseless Zone 7 Tower of Uncontrollable Ire
33%
High Intense Time-Lost Plain Tower of Unfaithful Great Heights
33%
High-Peak Difficult Time-Lost Plain Tower of Various Routes
33%
Peak Difficult Time-Lost Tempest Tower of Vast Horizons
33%
Mid-High Remorseless Ring 8 Tower of Verdant Entropy
33%
Mid-High Difficult Forgotten Ridge Tower of Versatility
33%
High-Peak Hard Ashen Towerworks Tower of Viaduct Traversing
33%
Bottom Intense Time-Lost Tempest Tower of Vibing
33%
Low-Mid Difficult Ring 3 Tower of Wall Hugging
33%
Bottom Challenging Ashen Towerworks Tower of Wanting More Time
33%
High Hard Saint Venoma Tower of Webbed Palace
33%
Low Intense Ashen Towerworks Tower of Whisking It All
33%
Bottom Challenging Ring 4 Will Be A Tower
33%
Bottom-Low Remorseless Zone 3 Zone 3 Tower Rush
33%
Mid-High Remorseless Ring 5 Citadel of Contrasting Regions
22%
High-Peak Intense Zone 5 Citadel of Corporate Enterprise
22%
Mid Challenging Festive Cliffside Citadel of Festive Struggles
22%
High Remorseless Ring 9 Citadel of Lethargy
22%
Low-Mid Remorseless Ring 6 Citadel of Scythe Recognition
22%
Peak Intense Steelspire Horizon Citadel of Treachery
22%
Bottom Remorseless Harvest Carnival Citadel of Treats and Tricks
22%
Peak Difficult Zone 3 Citadel of Tricky Situations
22%
Mid-High Remorseless Ring 7 Citadel of True Exasperation
22%
High-Peak Challenging Garden of Eeshöl Not Even A Flower
22%
Low-Mid Challenging Purgatorio Purgatorio Tower Rush
22%
Intense Ring 5 Rings 1-4 Mini Tower Rush
22%
High-Peak Medium Time-Lost Plain Steeple of Adventurous Explorations
22%
Low-Mid Difficult Paradise Atoll Steeple of Aquatic Rallies
22%
Bottom Intense Garden of Eeshöl Steeple of Buoyant Automations
22%
Bottom Difficult Beggmuda Triangle Steeple of Chaotic Hunting
22%
High Remorseless The Starlit Archives Steeple of Cheesy Vengeance
22%
High-Peak Challenging Paradise Atoll Steeple of Cliffside Falls
22%
Mid Challenging Forgotten Ridge Steeple of Climbing
22%
Mid-High Intense Forsaken Manor Steeple of Cosmic Terror
22%
Mid-High Difficult Snowmetropolis Steeple of Crazy Maniac's Cabin
22%
Low Challenging Paradise Atoll Steeple of Desolate Isles
22%
Low Challenging Steelspire Horizon Steeple of Dungeon Runner
22%
Bottom-Low Difficult Saint Venoma Steeple of Fear of Ghosts
22%
Low Difficult Snowy Cabin Steeple of Festive Factory Infiltration
22%
High-Peak Hard Garden of Eeshöl Steeple of Feudal Foliage
22%
Mid-High Remorseless The Starlit Archives Steeple of Forlorn Blizzard
22%
Low Hard Eclipsed Headquarters Steeple of Forsaken Anguish
22%
High Hard Time-Lost Sands Steeple of Garden Hose
22%
High-Peak Difficult Paradise Atoll Steeple of Hallucinatory Spectacles
22%
High-Peak Hard Time-Lost Clockwork Steeple of Jungle Thrill
22%
Low-Mid Remorseless Silent Abyss Steeple of Midnight Acropolis
22%
Bottom-Low Intense Abyssal Badlands Steeple of Midnight Terrors
22%
Low-Mid Intense Harvest Carnival Steeple of Moonlit Heresy
22%
Mid Challenging Time-Lost Plain Steeple of Nefarious Essence
22%
Bottom-Low Difficult Time-Lost Clockwork Steeple of Pool Noodle
22%
High-Peak Challenging Time-Lost Tempest Steeple of Rising Temperatures
22%
High-Peak Difficult Silent Abyss Steeple of Ruinous Abate
22%
High-Peak Challenging Steelspire Horizon Steeple of Sunken Kingdoms
22%
Mid-High Challenging Time-Lost Tempest Steeple of Synthetic Celestials
22%
Bottom-Low Intense Time-Lost Sands Steeple of The Deep Well
22%
Peak Challenging The Starlit Archives Steeple of The Manufactured Monstrosity
22%
Bottom-Low Intense Snowmetropolis Steeple of Triple Black Diamonds
22%
Peak Challenging The Starlit Archives Steeple of Two Minute Noodles
22%
High-Peak Challenging Paradise Atoll Steeple of Upright Cliffs
22%
Peak Hard Saint Venoma Steeple of Velvet Delirium
22%
Mid-High Difficult Forgotten Ridge Steeple of Wall Punching
22%
High-Peak Challenging Arcane Area Steeple of Witch Calamity
22%
High Challenging Old Frosted Kingdom Steeple of Wrapped Suffering
22%
High Challenging Summit of Memories Tower of Absolute Vexation (Classic)
22%
Bottom-Low Intense Ring 6 Tower of A Depressing Future
22%
Mid Hard Time-Lost Tempest Tower of Advanced Electronics
22%
Peak Intense Zone 5 Tower of Anticlimactic Outcomes
22%
High Challenging The Eternal Potluck Tower of Autumn Harvest
22%
Mid-High Hard Paradise Atoll Tower of Call It A Day
22%
Peak Intense Time-Lost Plain Tower of Celestial Darkness
22%
Bottom Challenging Zone 10 Tower of Clandestine Zones
22%
High-Peak Difficult Time-Lost Clockwork Tower of Close Cut Quandaries
22%
Mid-High Difficult Zone 3 Tower of Cogs and Steam
22%
Baseline Difficult Ring 2 Tower of Cold Hands
22%
Peak Intense Lost River Tower of Compact Spaces
22%
Mid Difficult Zone 1 Tower of Contractual Obligations
22%
High Challenging Paradise Atoll Tower of Cyclonic Isles
22%
Bottom-Low Remorseless Zone 4 Tower of Dance Dance Destruction
22%
High-Peak Intense Time-Lost Plain Tower of Disjointed Worlds
22%
Bottom-Low Challenging Ring 5 Tower of Downward Mobility
22%
Bottom-Low Challenging Ring 4 Tower of Dust and Decay
22%
Peak Hard Time-Lost Tempest Tower of Easing Exultant Expeditions
22%
Peak Hard Ring 4 Tower of Elysium
22%
High-Peak Intense Zone 10 Tower of Expecting The Unexpected
22%
Mid Intense Zone 2 Tower of Extraterrestrial Enchantment
22%
Bottom-Low Remorseless Zone 1 Tower of Extreme Dystopia
22%
High Challenging Time-Lost Clockwork Tower of Fading Misery
22%
Mid-High Challenging Ring 2 Tower of Falling and Failing
22%
Low Intense Steelspire Horizon Tower of Fixture Park
22%
Peak Challenging Zone 8 Tower of Flame Restoration
22%
Low Remorseless The Starlit Archives Tower of Fleeing From Everything Ending
22%
Low Remorseless Ring 5 Tower of Fractured Obstacles
22%
Mid Remorseless Time-Lost Clockwork Tower of Freezing Cold Dreams
22%
Low Remorseless Time-Lost Clockwork Tower of Fun House Frenzy
22%
Mid-High Intense Time-Lost Tempest Tower of Gates To Infinity
22%
Mid Intense Ring 9 Tower of Great Overcomings
22%
Bottom Challenging Zone 7 Tower of Growing Madness
22%
Low-Mid Challenging Time-Lost Tempest Tower of Heavy Damage
22%
Low Intense Zone 5 Tower of Horrifying Experiences
22%
Low Difficult Old Frosted Kingdom Tower of Hot Chocolate Fury
22%
Low Intense Zone 3 Tower of Infuriating Obstacles
22%
Peak Intense Ring 8 Tower of Insanely Innovative Ideas
22%
Peak Difficult Time-Lost Tempest Tower of Interstellar Dreams
22%
Mid-High Challenging Zone 10 Tower of Interstellar Terrarium
22%
Low Challenging Time-Lost Sands Tower of Irregular Tranquility
22%
High Remorseless Time-Lost Sands Tower of Kyodaina Reizouko
22%
High Difficult Ring 4 Tower of Leaning Ledges
22%
Bottom-Low Difficult The Starlit Archives Tower of Lethean Recollection
22%
Mid Difficult Ring 4 Tower of Linonophobia
22%
High-Peak Intense Zone 8 Tower of Manic Lows
22%
Mid Difficult Borealis Reach Tower of Manifesting In Dreams
22%
Mid Hard Time-Lost Plain Tower of Many Realms
22%
Low-Mid Remorseless Zone 6 Tower of Massive Overheating
22%
Bottom Intense Zone 4 Tower of Mechanically Induced Mayhem
22%
Low-Mid Hard Time-Lost Clockwork Tower of Medium Demon
22%
Mid-High Challenging Zone 3 Tower of Menacing Creations
22%
Mid Hard Time-Lost Plain Tower of Mild Irritation
22%
Peak Hard Ring 8 Tower of Needing Basic Aptitude
22%
High Remorseless Time-Lost Sands Tower of Nefarious Endeavors
22%
Mid-High Intense Steelspire Horizon Tower of Nerves of Steel
22%
Mid-High Intense Zone 8 Tower of Never Ending Fun
22%
Bottom Remorseless Ring 6 Tower of Niflheim
22%
High Medium Time-Lost Clockwork Tower of No Distress
22%
Bottom Remorseless Ring 4 Tower of Nonsensical Platforms
22%
High-Peak Intense Time-Lost Sands Tower of Nothing Much
22%
Bottom-Low Difficult Time-Lost Clockwork Tower of Numb Hands
22%
Bottom-Low Remorseless Zone 10 Tower of One Two Three Four
22%
Mid-High Difficult Time-Lost Sands Tower of Pleasant Descents
22%
High-Peak Challenging Time-Lost Sands Tower of Prismatic Wonders
22%
High-Peak Challenging Zone 4 Tower of Pure Chroma
22%
Mid-High Remorseless Time-Lost Tempest Tower of Quantification
22%
Low Remorseless Ring 9 Tower of Questionable Trials
22%
Mid Difficult Ring 6 Tower of Radiant Realms
22%
Mid-High Challenging Summit of Memories Tower of Rage (Classic)
22%
Bottom-Low Remorseless Zone 1 Tower of Really Nasty Ideas
22%
Peak Difficult Zone 3 Tower of Requiring Critical Help
22%
High-Peak Difficult Time-Lost Tempest Tower of Revolving Wack
22%
High Remorseless Ashen Towerworks Tower of Rhythm Heaven
22%
Mid-High Difficult Ring 7 Tower of Rushed Building
22%
Mid Hard Time-Lost Sands Tower of Savory Citrus Platforming
22%
Peak Intense Time-Lost Sands Tower of Scaling The Pillar
22%
High Challenging Zone 2 Tower of Slipping and Sliding
22%
Mid-High Difficult Time-Lost Plain Tower of Subtle Graciousness
22%
Bottom Intense Zone 9 Tower of Sugar Rush Deluxe
22%
Peak Hard Zone 5 Tower of Super Stupid Security Systems
22%
Peak Intense Time-Lost Tempest Tower of Taking a Seat
22%
Peak Intense Silent Abyss Tower of Tenebrous Depths
22%
Low-Mid Challenging Silent Abyss Tower of There Is No Tower
22%
Mid Intense Ring 5 Tower of Tokyo Heights
22%
High Challenging Ring 2 Tower of Traps
22%
Mid-High Challenging Steelspire Horizon Tower of Traps (Classic)
22%
Baseline Challenging Forgotten Ridge Tower of Triangular Covering
22%
Peak Intense Zone 2 Tower of Triangular Terror
22%
Bottom Intense Fool's Ring 9 Tower of u a
22%
Mid-High Intense Ring 8 Tower of Uneasy Scaling
22%
Peak Challenging Zone 5 Tower of Unhealthy Escalation
22%
Peak Challenging Zone 10 Tower of Valiant Verges
22%
Mid Challenging Time-Lost Tempest Tower of Vela Pulsar
22%
Mid Hard BIOUMS Tower of Vesi Leikki
22%
Mid-High Intense Time-Lost Clockwork Tower of Violet Contradiction
22%
High Difficult Time-Lost Clockwork Tower of Wacky Progression
22%
Peak Challenging Zone 1 Tower of Wanting Extra Levels
22%
Peak Difficult Steelspire Horizon Tower of Weird Energy
22%
High Difficult Zone 4 Tower of Wicked Wedges
22%
Peak Challenging Legacy Fortress Tower of Window Shattering
22%
Peak Difficult Zone 8 Tower of X Madness
22%
Mid Intense Ring 8 Citadel of Constant Heart Stopping
11%
Bottom Remorseless Zone 8 Citadel of Pyramid Escapades
11%
Bottom-Low Intense Zone 6 Citadel of Twists and Weirdness
11%
High-Peak Intense Ring 4 Citadel of Uneasiness
11%
High Difficult BIOUMS ETOH TYCOON TYCOON TYCOON TYCOON
11%
Low-Mid Challenging BIOUMS Mush Stepl
11%
Peak Hard Paradise Atoll Steeple of Abyssal Upturn
11%
Low Challenging The Starlit Archives Steeple of After-Life Detention
11%
Mid-High Challenging The Starlit Archives Steeple of Balloon Commune
11%
Mid Difficult Eclipsed Headquarters Steeple of Blighted Blazonry
11%
Bottom-Low Challenging T H I R S T Z O N E Steeple of Christmas Chaos
11%
Low Challenging Arcane Area Steeple of Crystal Ascension
11%
High-Peak Hard Harvest Carnival Steeple of Dungeon Crawling
11%
Mid-High Challenging Garden of Eeshöl Steeple of Flourishing Wastelands
11%
Low-Mid Difficult T H I R S T Z O N E Steeple of Frantic Terrificness
11%
High Challenging Abyssal Badlands Steeple of Haunted Traversing
11%
Peak Difficult Snowy Cabin Steeple of Joyous Voyages
11%
High-Peak Hard Garden of Eeshöl Steeple of Lost In Quiescence
11%
High-Peak Difficult Forsaken Manor Steeple of Midnight Fortress
11%
Low Challenging Snowy Cabin Steeple of Nightmare Before Christmas
11%
Low Intense Glacial Outpost Steeple of Psycho Eyes
11%
Peak Challenging Forsaken Manor Steeple of Pumpkin Panic
11%
High Challenging Glacial Outpost Steeple of Scrumptious Souvenirs
11%
Bottom Difficult Paradise Atoll Steeple of Sunny Island Shenanigans
11%
Low-Mid Challenging Borealis Reach Steeple of The Christmas Spirit
11%
Low-Mid Difficult Abyssal Badlands Steeple of Tricks and Treats
11%
Bottom-Low Difficult Arcane Area Steeple of Twisted Crystals
11%
Bottom Intense Silent Abyss Steeple of Wicked Grotto
11%
Bottom Difficult Old Frosted Kingdom Steeple of Winter Expeditions
11%
Peak Challenging Silent Abyss Steeple of Xenial Abyss
11%
High Challenging Snowmetropolis Steeple of Zesty Situations
11%
Low Difficult Something Otherworldly... TheVision of TheVision of Tower of TheVision of TheVision
11%
High Challenging Ring 8 Tower of Aamos' Anger
11%
Mid-High Intense The Starlit Archives Tower of A Disillusioned Existence
11%
Mid Challenging Zone 6 Tower of Angled Scenery
11%
High Intense Zone 2 Tower of Arcanium Zenturing
11%
Low Remorseless BIOUMS Tower of BIG IGB GIB FAIL AILF ILFA LFAI
11%
Low-Mid Challenging Zone 6 Tower of Break It, Buy It
11%
Mid Difficult Zone 7 Tower of Bygone Relic
11%
Low Remorseless Zone 2 Tower of Chaotic Moments
11%
Peak Remorseless BIOUMS Tower of Class Resident Storage
11%
Bottom Remorseless Ashen Towerworks Tower of Climactic Beats
11%
Mid Challenging Ring 7 Tower of Collective Collaboration
11%
Peak Hard Zone 8 Tower of Cosmic Tides
11%
High-Peak Challenging Ring 2 Tower of Deep Darkness
11%
Low Challenging Ring 3 Tower of Despair
11%
High Difficult Zone 7 Tower of Destructive Fever
11%
Low-Mid Difficult Zone 3 Tower of Dimensional Hopping
11%
Low-Mid Challenging Lost River Tower of Diverging Layers
11%
Peak Difficult Zone 2 Tower of Dreams and Caverns
11%
Mid Difficult Zone 4 Tower of Elevator Travelling
11%
Low-Mid Difficult Ring 6 Tower of Environmental Pain
11%
Bottom-Low Intense Ring 5 Tower of Extraordinary Adventures
11%
Bottom Remorseless Zone 9 Tower of Eye Candy
11%
Peak Intense Zone 9 Tower of Falling Up
11%
Mid-High Challenging Ring 7 Tower of Feeling Lazy
11%
Bottom-Low Intense Ring 5 Tower of Floral Fury
11%
High-Peak Intense Time-Lost Sands Tower of Frozen Uplift
11%
Bottom-Low Challenging Zone 8 Tower of Galactic Voyage
11%
Bottom Remorseless Ring 5 Tower of Glitching and Healing
11%
Bottom-Low Remorseless Zone 2 Tower of Great Displeasure
11%
Mid Intense Zone 5 Tower of Guided Trials
11%
Low Intense Zone 6 Tower of Hazardous Laddering
11%
High Difficult Paradise Atoll Tower of High Power
11%
Low-Mid Remorseless The Starlit Archives Tower of House Without Home
11%
Low Challenging Zone 9 Tower of Latest Sensation
11%
Mid-High Difficult Summit of Memories Tower of Leaning Ledges (Classic)
11%
Low Difficult Summit of Memories Tower of Linonophobia (Classic)
11%
Mid-High Difficult Zone 3 Tower of Mild Agitation
11%
High Intense BIOUMS Tower of Not Like Us
11%
High Challenging Ring 5 Tower of Obvious Chaos
11%
Bottom-Low Intense Zone 3 Tower of Quirky Contraptions
11%
Low-Mid Difficult Ring 5 Tower of Rigid Success
11%
High-Peak Challenging Ring 2 Tower of Shattered Dreams
11%
High-Peak Intense Zone 4 Tower of Shifting Slopes
11%
Low Challenging Zone 5 Tower of Stairs To Spare
11%
Low Difficult Summit of Memories Tower of Terrible Mondays (Classic)
11%
Low Difficult Legacy Fortress Tower of Total Exhaustion
11%
Mid Challenging Ring 6 Tower of Twisted Inquisition
11%
Bottom-Low Difficult Zone 2 Tower of Unearthed Discoveries
11%
High-Peak Difficult Legacy Fortress Tower of Unfortunate Possibilities
11%
Mid-High Challenging Ring 8 Tower of Vibrant Adventures
11%
Low Challenging Ring 8 Tower of Voluminous Framework
11%
Low-Mid Intense Zone 6 Tower of Watts
11%
Low-Mid Intense Ashen Towerworks Tower of Whirl of Winds
11%
High Intense Lost River Tower of Witchcraft and Wizardry
11%
High-Peak Hard Zone 3 Tower of Xanthophobia
11%
Peak Difficult Zone 1 Tower of Yearning Success
11%
Bottom-Low Challenging Silent Abyss Steeple of Descendance
0%
Mid-High Challenging Silent Abyss Steeple of Guiding Lights
0%
High Intense Silent Abyss Steeple of Involuntary Isolation
0%
Low-Mid Intense The Starlit Archives Steeple of Itsy Bitsy
0%
Peak Difficult Silent Abyss Tower of Ancestral Interference
0%
Peak Difficult Zone 9 Tower of Arrantly Bodeful Cavern Depths
0%
High-Peak Difficult Zone 8 Tower of A Tetromino Disaster
0%
High Challenging Zone 9 Tower of Bonus Level
0%
High Difficult Zone 5 Tower of Bright Serenity
0%
Mid Intense Zone 7 Tower of Cone Mesh Climbing
0%
Bottom-Low Challenging Zone 6 Tower of Conflicting Frontiers
0%
Low Difficult Ashen Towerworks Tower of Corner Wedge Climbing
0%
Mid-High Challenging Zone 7 Tower of Cylindrical Extensions
0%
High-Peak Challenging Ring 7 Tower of Distorted Aerodynamics
0%
Bottom-Low Challenging Zone 9 Tower of Dusk To Dawn
0%
Mid Difficult Zone 5 Tower of Fractal Volution
0%
High-Peak Intense Legacy Fortress Tower of Great Infamy
0%
High-Peak Challenging Zone 6 Tower of Hefty Magnitude
0%
Low Intense Zone 5 Tower of Heiwana Kaze
0%
Low Intense Ring 6 Tower of Intense Solar Chaos
0%
Mid Intense Ashen Towerworks Tower of Largely Limited Luminance
0%
Mid-High Challenging Lost River Tower of Odd Odyssey
0%
Bottom Remorseless Zone 8 Tower of Overbearing Vertigo
0%
Mid-High Challenging Zone 2 Tower of Pleasant Fantasies
0%
Low Challenging Zone 10 Tower of Resonant Landscapes
0%
High Difficult Zone 6 Tower of Rock Climbing
0%
Bottom-Low Intense Ashen Towerworks Tower of Shadowy Radiance
0%
High-Peak Intense Zone 7 Tower of Swift and Precise Sections
0%
Low Intense The Starlit Archives Tower of The Umbrella, The User
0%
Low-Mid Remorseless Zone 8 Tower of Time and Space Manipulation
0%
High Intense The Starlit Archives Tower of Warranted Retribution
0%
High-Peak Challenging Zone 7 Tower of White Space
0%
Low Intense Zone 7 Tower of Yore
0%
High Difficult The Starlit Archives Tower of You're Late For Work
0%
No matching quizzes found
Score Distribution
Percent of People with Each Score
Percentile by Number Answered
Your Score History
You have not taken this quiz since the last reset